<?xml version="1.0" encoding="UTF-8"?>
<record
    xmlns:xsi="http://www.w3.org/2001/XMLSchema-instance"
    xsi:schemaLocation="http://www.loc.gov/MARC21/slim http://www.loc.gov/standards/marcxml/schema/MARC21slim.xsd"
    xmlns="http://www.loc.gov/MARC21/slim">

  <leader>02117nam a22002417a 4500</leader>
  <controlfield tag="005">20220326102020.0</controlfield>
  <controlfield tag="008">220323b           ||||| |||| 00| 0 eng d</controlfield>
  <datafield tag="020" ind1=" " ind2=" ">
    <subfield code="a">9788125034643</subfield>
  </datafield>
  <datafield tag="040" ind1=" " ind2=" ">
    <subfield code="c">Aloy</subfield>
  </datafield>
  <datafield tag="041" ind1=" " ind2=" ">
    <subfield code="a">eng</subfield>
  </datafield>
  <datafield tag="082" ind1=" " ind2=" ">
    <subfield code="2">23</subfield>
    <subfield code="a">954.035</subfield>
    <subfield code="b">RAMG</subfield>
  </datafield>
  <datafield tag="100" ind1=" " ind2=" ">
    <subfield code="a">Rahul Ramagundam</subfield>
    <subfield code="9">26085</subfield>
  </datafield>
  <datafield tag="245" ind1=" " ind2=" ">
    <subfield code="a">Gandhis khadi:</subfield>
    <subfield code="b">A history of contention and concilation</subfield>
  </datafield>
  <datafield tag="260" ind1=" " ind2=" ">
    <subfield code="a">New Delhi</subfield>
    <subfield code="b">Orient Longmans Pvt Ltd</subfield>
    <subfield code="c">2008</subfield>
  </datafield>
  <datafield tag="300" ind1=" " ind2=" ">
    <subfield code="a">xiii,298 p.</subfield>
    <subfield code="b">HB</subfield>
    <subfield code="c">22x14 cm.</subfield>
  </datafield>
  <datafield tag="365" ind1=" " ind2=" ">
    <subfield code="2">Histroy</subfield>
    <subfield code="b">695.00</subfield>
    <subfield code="c">&#x20B9;</subfield>
    <subfield code="d">695.00</subfield>
  </datafield>
  <datafield tag="520" ind1=" " ind2=" ">
    <subfield code="a">The book is a study of khadi, the fabric that successfully transcended its commodity status to become a political symbol. Khadi was not just a symbol; it was a massive exercise in organisational establishment, in forging networks, brand-building, and ideological investment. Using a fresh and
imaginative approach, the book shows how an idea, determinedly pursued, can become a movement. It also argues that simplicity as advocated by the khadi movement can be subversive and revolutionary. Khadi acquired emblematic status during India&#x2019;s freedom struggle. Gandhi, largely acknowledged as the one who pioneered the fabric and invested it with symbolism, saw khadi as heralding real freedom to the millions of poor and marginalised Indians. Bringing a peripheral academic concern to its rightful centrality, the book analyses how Gandhi&#x2019;s aggressive khadi campaign was meant to clearly separate Indians across a sartorial divide between those who clung to self-interest and, by extension, loyalty to British imperialism, and those who acted for social well-being.
Recreating a parallel history of the khadi movement alongside that of India&#x2019;s freedom struggle, Ramagundam argues that khadi&#x2019;s core semiotic lay in its being a commodity of resistance against colonial exploitation. Focusing on the khadi movement, the book seeks to widen the academic debate on the forces leading to India&#x2019;s independence.</subfield>
  </datafield>
  <datafield tag="650" ind1=" " ind2=" ">
    <subfield code="a">Indian History</subfield>
    <subfield code="9">25234</subfield>
  </datafield>
  <datafield tag="650" ind1=" " ind2=" ">
    <subfield code="a">Moral Movement</subfield>
    <subfield code="9">25235</subfield>
  </datafield>
  <datafield tag="650" ind1=" " ind2=" ">
    <subfield code="a">Ideology of Innocence</subfield>
    <subfield code="9">25236</subfield>
  </datafield>
  <datafield tag="700" ind1=" " ind2=" ">
    <subfield code="a">RAMAGUNDAM (Rahul)</subfield>
    <subfield code="9">25237</subfield>
  </datafield>
  <datafield tag="942" ind1=" " ind2=" ">
    <subfield code="2">ddc</subfield>
    <subfield code="c">GF</subfield>
  </datafield>
  <datafield tag="999" ind1=" " ind2=" ">
    <subfield code="c">221996</subfield>
    <subfield code="d">221996</subfield>
  </datafield>
  <datafield tag="952" ind1=" " ind2=" ">
    <subfield code="0">0</subfield>
    <subfield code="1">0</subfield>
    <subfield code="2">ddc</subfield>
    <subfield code="4">0</subfield>
    <subfield code="7">0</subfield>
    <subfield code="8">HIS</subfield>
    <subfield code="a">AL</subfield>
    <subfield code="b">AL</subfield>
    <subfield code="d">2013-03-24</subfield>
    <subfield code="l">0</subfield>
    <subfield code="o">954.035 RAMG</subfield>
    <subfield code="p">GF03858</subfield>
    <subfield code="r">2022-03-23 00:00:00</subfield>
    <subfield code="w">2022-03-23</subfield>
    <subfield code="y">GF</subfield>
  </datafield>
</record>
